Les voyelles - Statistiques

Statistiques générales
  • Ce quiz a été pris 387 fois
  • Le résultat moyen est 5 sur 6
Answers on the Grid
Answers color-coded by a green-red scale on the quiz's grid according to % correct below.
B
D
G
I
H
K
F
L
C
M
O
N
Q
R
X
U
P
S
T
J
V
W
Z
D
X
W
K
L
F
G
S
R
E
P
Z
R
A
S
Q
W
N
B
L
M
J
H
Y
G
K
F
D
S
R
T
F
C
V
B
N
W
Q
S
Z
R
T
P
M
L
 
Statistiques - réponses
Réponse % Correct
A
96%
I
90%
E
88%
O
88%
U
82%
Y
61%
Aucun quiz correspondant
Distribution des résultats
% des personnes avec chaque résultat
Percentile par nombre de réponses
Votre historique - résultats
Vous n’avez pas pris ce quiz